000
00407 a2200133 4500
000
nam a22 7a 4500
100
_a
सिंह
110
_a
सिंह
245
_a
रैदास ग्रंथावली
250
_a
Latest edition
260
_b
अकेडमिक पब्लिकेशन
_c
2025
264
_b
अकेडमिक पब्लिकेशन
_c
2025
942
_c
BK
999
_c
396653
_d
396653